[Event "Subic Bay Puregold op-B"]
[Site "Subic Bay"]
[Date "2016.12.14"]
[Round "2"]
[White "Bernardo, Dale"]
[Black "Literatus, Austin Jacob"]
[Result "0-1"]
[WhiteElo "1991"]
[BlackElo "2124"]
[PlyCount "36"]
[EventDate "2016.12.13"]
[EventType "swiss"]
[EventRounds "9"]
[EventCountry "PHI"]
[SourceTitle "EXT 2018"]
[Source "ChessBase"]
[SourceDate "2017.10.13"]
[SourceVersion "1"]
[SourceVersionDate "2017.10.13"]
[SourceQuality "1"]

1. e4 Nf6 2. Nc3 d5 3. exd5 Nxd5 4. Nxd5 Qxd5 5. Qf3 c6 6. c4 Qa5 7. Ne2 g6 8. Qe3 Bg7 9. b4 Qc7 10. d4 0-0 11. Bb2 a5 12. bxa5 Rxa5 13. f4 c5 14. Bc3 Ra3 15. d5 e5 16. d6 Qxd6 17. fxe5 Qc7 18. Qc1 Rxc3 0-1

[Event "Subic Bay Puregold op-B"]
[Site "Subic Bay"]
[Date "2016.12.13"]
[Round "1"]
[White "Rustia, Rizia Arah"]
[Black "Bernardo, Dale"]
[Result "0-1"]
[WhiteElo "1722"]
[BlackElo "1991"]
[PlyCount "72"]
[EventDate "2016.12.13"]
[EventType "swiss"]
[EventRounds "9"]
[EventCountry "PHI"]
[SourceTitle "EXT 2018"]
[Source "ChessBase"]
[SourceDate "2017.10.13"]
[SourceVersion "1"]
[SourceVersionDate "2017.10.13"]
[SourceQuality "1"]

1. e4 e5 2. Nf3 Nf6 3. Nc3 Nc6 4. d3 Bc5 5. Bg5 h6 6. Bh4 d6 7. Be2 Be6 8. 0-0 g5 9. Bg3 a6 10. a3 Ne7 11. d4 exd4 12. Nxd4 Bxd4 13. Qxd4 Nc6 14. Qd2 Rg8 15. Rfe1 h5 16. f3 h4 17. Bf2 Nh5 18. Nd5 g4 19. fxg4 Bxg4 20. Bxg4 Rxg4 21. Qh6 h3 22. g3 Rg5 23. Nxc7+ Kd7 24. Nxa8 Ne5 25. Re3 Ng4 26. Nb6+ Kc6 27. Rc3+ Kb5 28. a4+ Ka5 29. Nc4+ Kb4 30. Rb3+ Kxc4 31. Qh7 Qf6 32. Rf1 Nf4 33. Rc3+ Kb4 34. Bc5+ dxc5 35. Rxf4 Qd4+ 36. Kh1 Qd1+ 0-1

[Event "ASEAN-ch U16 17th"]
[Site "Dusit Thani"]
[Date "2016.05.30"]
[Round "1.4"]
[White "Teh, Yong Keat Anthony"]
[Black "Bernardo, Dale"]
[Result "0-1"]
[WhiteElo "1541"]
[BlackElo "1991"]
[PlyCount "50"]
[EventDate "2016.05.30"]
[EventType "swiss"]
[EventRounds "9"]
[EventCountry "THA"]
[SourceTitle "EXT 2024"]
[Source "ChessBase"]
[SourceDate "2023.10.10"]
[SourceVersion "1"]
[SourceVersionDate "2023.10.10"]
[SourceQuality "1"]

1. e4 e5 2. Nf3 Nf6 3. Bc4 Nc6 4. Ng5 d5 5. exd5 Nxd5 6. d4 Be6 7. Nxe6 fxe6 8. dxe5 Bb4+ 9. c3 Bc5 10. 0-0 0-0 11. Nd2 Nxe5 12. Bb3 Qh4 13. Qe2 Ng4 14. h3 Rxf2 15. Rxf2 Nxf2 16. Qxe6+ Kh8 17. Nf3 Qg3 18. Qxd5 Nxh3+ 19. Kh1 Nf2+ 20. Kg1 Nd3+ 21. Kh1 Re8 22. Qxd3 Re1+ 23. Nxe1 Qh4+ 24. Qh3 Qxe1+ 25. Kh2 Bg1+ 0-1

[Event "Olongapo City Puregold op-B"]
[Site "Olongapo City"]
[Date "2015.11.17"]
[Round "1"]
[White "Bernardo, Dale"]
[Black "Morsalim, Salahudin"]
[Result "1/2-1/2"]
[WhiteElo "1918"]
[BlackElo "1750"]
[PlyCount "116"]
[EventDate "2015.11.17"]
[EventType "swiss"]
[EventRounds "9"]
[EventCountry "PHI"]
[SourceTitle "EXT 2017"]
[Source "ChessBase"]
[SourceDate "2016.10.25"]
[SourceVersion "1"]
[SourceVersionDate "2016.10.25"]
[SourceQuality "1"]

1. e4 g6 2. d4 Bg7 3. Nf3 d6 4. Bc4 Nf6 5. Nc3 0-0 6. 0-0 Nxe4 7. Nxe4 d5 8. Bd3 dxe4 9. Bxe4 c6 10. Qe2 Bg4 11. c3 Nd7 12. h3 Bxf3 13. Bxf3 e6 14. Bf4 e5 15. dxe5 Nxe5 16. Bxe5 Re8 17. Rad1 Qg5 18. Rd7 Bxe5 19. Qc4 Re7 20. Rxe7 Qxe7 21. Bd1 Rd8 22. Bb3 Rd2 23. Re1 Qf6 24. Re2 Rd7 25. Qc5 Bd6 26. Qxa7 Qf5 27. Re8+ Kg7 28. Qd4+ Kh6 29. Qh4+ Qh5 30. Qf6 Bc5 31. Re4 Rd6 32. Qxf7 Qf5 33. Qxf5 gxf5 34. Re5 b6 35. Rxf5 Rd2 36. Ba4 Rxb2 37. Bxc6 Rxa2 38. g4 Rd2 39. Kg2 Rc2 40. Rf3 Kg7 41. Bd5 Rd2 42. Rf5 Bxf2 43. Rxf2 Rxd5 44. c4 Rc5 45. Rb2 Rxc4 46. Rxb6 h5 47. g5 Rc5 48. h4 Rc4 49. Kg3 Rg4+ 50. Kh3 Rd4 51. Rh6 Rd3+ 52. Kg2 Rd4 53. Rxh5 Rd6 54. Kf3 Ra6 55. g6 Rxg6 56. Rg5 Kh6 57. Kg4 Rg7 58. Rxg7 Kxg7 1/2-1/2

[Event "PHI-ch U14"]
[Site "San Antonio"]
[Date "2014.04.26"]
[Round "10"]
[White "Bernardo, Dale"]
[Black "Canino, Romeo"]
[Result "1/2-1/2"]
[WhiteElo "2104"]
[BlackElo "1973"]
[PlyCount "160"]
[EventDate "2014.04.21"]
[EventType "swiss"]
[EventRounds "13"]
[EventCountry "PHI"]
[SourceTitle "CBM 160 Extra"]
[Source "ChessBase"]
[SourceDate "2014.07.01"]
[SourceVersion "1"]
[SourceVersionDate "2014.07.01"]
[SourceQuality "1"]

1. e4 b6 2. Be2 Bb7 3. d3 Nf6 4. Nf3 e6 5. 0-0 Be7 6. Ne5 d6 7. Ng4 Nbd7 8. Nc3 0-0 9. f4 d5 10. e5 Nxg4 11. Bxg4 Nc5 12. d4 Ne4 13. Nxe4 dxe4 14. f5 exf5 15. Bxf5 Qd5 16. Rf4 Rad8 17. Bxe4 Qxd4+ 18. Qxd4 Rxd4 19. Bxb7 Rd1+ 20. Kf2 Bg5 21. Ke2 Rxc1 22. Rxc1 Bxf4 23. Rh1 Bxe5 24. c3 Rd8 25. Be4 g6 26. g4 Bf4 27. Bd3 c5 28. b3 Re8+ 29. Kd1 Re3 30. Kc2 Rh3 31. Bf1 Rf3 32. Be2 Rf2 33. Kd3 Rxh2 34. Rxh2 Bxh2 35. Ke4 Kf8 36. Kd5 Ke7 37. Kc6 Be5 38. c4 Bc3 39. Kb7 a5 40. Kxb6 Bb4 41. Kb5 Ke6 42. Ka4 f6 43. Bd1 Ke5 44. Be2 f5 45. gxf5 gxf5 46. Bd3 h5 47. a3 Bc3 48. Kb5 Kd6 49. Bxf5 Bb2 50. b4 axb4 51. a4 Ke5 52. a5 Kxf5 53. a6 Bd4 54. a7 h4 55. a8Q Kg4 56. Qh1 Kg3 57. Kc6 h3 58. Kd5 b3 59. Ke4 b2 60. Kd3 h2 61. Ke2 Bg1 62. Qf3+ Kh4 63. Qf4+ Kh5 64. Qf5+ Kh4 65. Qf4+ Kh5 66. Qe4 Kg5 67. Qe5+ Kg4 68. Qg7+ Kf4 69. Qf6+ Kg4 70. Qe6+ Kf4 71. Qf6+ Kg4 72. Qg6+ Kf4 73. Qd6+ Kg4 74. Qd7+ Kf4 75. Qf7+ Kg4 76. Qf3+ Kg5 77. Qd5+ Kg4 78. Qe4+ Kg5 79. Qe5+ Kg4 80. Qg7+ Kf4 1/2-1/2

[Event "PHI-ch U14"]
[Site "San Antonio"]
[Date "2014.04.22"]
[Round "2"]
[White "Bernardo, Dale"]
[Black "De Leon, Haince Patrick"]
[Result "1-0"]
[WhiteElo "2104"]
[BlackElo "2059"]
[PlyCount "77"]
[EventDate "2014.04.21"]
[EventType "swiss"]
[EventRounds "13"]
[EventCountry "PHI"]
[SourceTitle "CBM 160 Extra"]
[Source "ChessBase"]
[SourceDate "2014.07.01"]
[SourceVersion "1"]
[SourceVersionDate "2014.07.01"]
[SourceQuality "1"]

1. e4 c5 2. Nf3 a6 3. c3 e6 4. d4 d5 5. exd5 exd5 6. Bd3 Nc6 7. 0-0 cxd4 8. Re1+ Be7 9. cxd4 Nf6 10. h3 0-0 11. Nc3 h6 12. a3 Be6 13. Bf4 Rc8 14. Rc1 Re8 15. Bb1 Na5 16. Be5 Nc4 17. Qd3 Nxb2 18. Qc2 Nc4 19. Bxf6 Bxf6 20. Qh7+ Kf8 21. Bf5 Ke7 22. Bxe6 fxe6 23. Ne5 Qa5 24. Qd3 Nb2 25. Qc2 Nc4 26. Qb3 Bxe5 27. dxe5 Qb6 28. Qc2 Rf8 29. Re2 Nxa3 30. Qg6 Qd4 31. Qxg7+ Rf7 32. Qg3 Nb5 33. Nxd5+ exd5 34. Rxc8 Qd1+ 35. Kh2 Qxe2 36. Qh4+ Kd7 37. e6+ Kxc8 38. exf7 Qe5+ 39. Qg3 1-0